| Tag |
First Indicator |
Second Indicator |
Subfields |
| LEADER |
00000cam a2200000 a 4500 |
| 001 |
in00000087433 |
| 005 |
20151008064758.0 |
| 008 |
760922s1976 dcuabch b 00010bengm |
| 010 |
|
|
|a 76021931
|
| 035 |
|
|
|a (OCoLC)02524434
|
| 035 |
|
|
|9 AAK4784AM
|
| 040 |
|
|
|a DLC
|c DLC
|d TXA
|d UtOrBLW
|
| 043 |
|
|
|a n-us-dc
|
| 049 |
|
|
|a TXAM
|c [1442346]
|
| 050 |
0 |
0 |
|a NA737.T47
|b S73
|
| 082 |
0 |
|
|a 720/.92/4
|a B
|
| 100 |
1 |
|
|a Stearns, Elinor.
|
| 245 |
1 |
0 |
|a William Thornton :
|b a Renaissance man in the Federal City /
|c by Elinor Stearns and David N. Yerkes.
|
| 264 |
|
1 |
|a Washington, D.C. :
|b American Institute of Architects Foundation,
|c [1976]
|
| 264 |
|
4 |
|c ©1976
|
| 300 |
|
|
|a v, 58 pages :
|b illustrations, maps, portraits, facsimiles ;
|c 26 cm.
|
| 336 |
|
|
|a text
|b txt
|2 rdacontent
|
| 337 |
|
|
|a unmediated
|b n
|2 rdamedia
|
| 338 |
|
|
|a volume
|b nc
|2 rdacarrier
|
| 504 |
|
|
|a Includes bibliographical references.
|
| 600 |
1 |
0 |
|a Thornton, William,
|d 1759-1828.
|
| 650 |
|
0 |
|a Architects
|z United States
|v Biography.
|
| 650 |
|
0 |
|a Architecture
|z Washington (D.C.)
|
| 700 |
1 |
|
|a Yerkes, David N.
|
| 999 |
|
|
|a MARS
|
| 999 |
f |
f |
|s 8a76f0cb-ebe5-3b2b-b240-9823ce986972
|i 4f1eb4f3-9c58-326a-ae9c-d0c82c61c7fa
|t 0
|
| 952 |
f |
f |
|p ric
|a Texas A&M University
|b Rellis Campus
|c Joint Library Facility
|d Remote Storage
|t 0
|e NA737.T47 S73
|h Library of Congress classification
|i unmediated -- volume
|m A14806167598
|
| 998 |
f |
f |
|a NA737.T47 S73
|t 0
|l Remote Storage
|